[Event "Kathmandu Open 2018"]
[Site "Kathmandu"]
[Date "2018.04.14"]
[Round "3"]
[White "Patil, Pratik"]
[Black "Sengupta, Deep"]
[Result "1/2-1/2"]
[WhiteElo "2258"]
[BlackElo "2579"]
[Annotator "TA"]
[PlyCount "72"]
[EventDate "2018.??.??"]
[EventType "swiss"]
[EventCountry "NEP"]
[SourceTitle "playchess.com"]
[Source "ChessBase"]
[SourceQuality "1"]

{[%evp 22,72,28,28,51,44,33,35,42,41,48,23,39,18,31,0,0,0,0,17,41,39,18,21,42,19,22,8,70,37,48,48,47,46,66,49,71,72,71,75,79,78,77,74,94,34,35,22,22,22,22,22,22]} 1. e4 g6 2. d4 Bg7 3. Nc3 d6 4. Nf3 a6 5. a4 Nc6 6. h3 Nf6 7. Be3 O-O 8. Qd2 e5 9. dxe5 Nxe5 10. Nxe5 {B08: Pirc Defence: Classical System} dxe5 11. Qxd8 Rxd8 12. Bc4 {LiveBook: 7 Games. White has an edge.} Re8 13. Ke2 $146 ({Find the theoretical novelty and annotate with similar games:} 13. O-O-O Be6 14. Bxe6 Rxe6 15. g4 h6 16. Nd5 Nxd5 17. Rxd5 {1-0 (32) Abasov,N (2575)-Benidze,D (2520) Istanbul 2017}) 13... Be6 14. Bxe6 Rxe6 15. Rhd1 Rc6 16. Rd3 Bf8 17. Rad1 Bd6 18. R1d2 Kg7 19. f3 Bb4 20. Rd1 b5 21. Ra1 Rb8 22. axb5 axb5 23. Bd2 Bd6 24. Kd1 Nd7 (24... b4 $11 25. Nd5 Nd7) 25. Be3 f5 26. Ra5 b4 27. Nb5 fxe4 28. fxe4 Kf6 {[#]} 29. b3 $1 ({Of course not} 29. Nxd6 $6 cxd6 30. Ra7 Ke6 $11) 29... Nc5 30. Na7 Ra6 31. Rxa6 Nxa6 {[#]} 32. Rd5 $1 {[%cal Rd5a5]} Rf8 33. Nc6 (33. Rb5 $16) 33... Nb8 $14 34. Nxb8 Rxb8 {The position is equal.} 35. Ra5 Ke6 36. Ke2 h5 {Precision: White = 54%, Black = 55%.} 1/2-1/2

[Event "Kathmandu Open 2018"]
[Site "Kathmandu"]
[Date "2018.04.14"]
[Round "3"]
[White "Mohammed Abdul, Malek"]
[Black "Mirzoev, Azer"]
[Result "0-1"]
[WhiteElo "2177"]
[BlackElo "2504"]
[Annotator "TA"]
[PlyCount "93"]
[EventDate "2018.??.??"]
[EventType "swiss"]
[EventCountry "NEP"]
[SourceTitle "playchess.com"]
[Source "ChessBase"]
[SourceQuality "1"]

{[%evp 16,93,25,10,35,27,12,13,25,-8,0,0,26,0,27,0,25,9,20,0,0,-8,38,0,53,50,67,56,61,50,78,58,65,63,66,41,60,60,60,63,60,35,34,31,36,43,33,23,69,55,60,46,38,43,41,20,27,25,25,6,16,12,15,0,7,0,0,0,0,0,2,0,0,0,0,-249,-49,-218,0,-376]} 1. e4 e5 2. Nf3 Nc6 3. Bc4 Bc5 4. O-O d6 5. c3 Bb6 6. Re1 Nf6 7. d3 h6 {C54: Giuoco Piano: 4 c3 Nf6, main lines with 5 d4 and 5 d3} 8. h3 O-O 9. Nbd2 {[%cal Bb1d2,Bd2f1,Bf1g3,Bg3f5][%mdl 32] LiveBook: 11 Games} (9. a4 a6 10. Nbd2 Be6 11. b4 Qd7 12. Bxe6 Qxe6 13. Nc4 Ba7 14. Qc2 Ne7 15. Be3 Bxe3 16. Nxe3 {0-1 (84) Kryvoruchko,Y (2689)-Zhao,J (2604) Riadh 2017}) 9... Re8 10. Nf1 Be6 11. Bxe6 Rxe6 $146 ({Predecessor:} 11... fxe6 12. Be3 d5 13. exd5 exd5 14. Bxb6 axb6 15. Ng3 Qd7 16. Qd2 {½-½ (48) Neo Xiu Min,S-Pham Thi Thu,H Bandar Seri Begawan 2003}) 12. c4 Ne7 13. Ng3 Ng6 14. Nf5 Qf8 15. g3 c6 16. Kg2 d5 17. Qe2 Rd8 18. Nh2 Qb4 19. Ng4 Bc5 ({Better is} 19... Nxg4 $11 20. hxg4 dxc4 21. dxc4 Ne7) 20. Bd2 $36 {[%mdl 2048] Black is under pressure.} Qb6 21. b4 Bf8 22. Bc3 Rd7 23. Nxf6+ Rxf6 24. a3 Qd8 25. Rad1 Re6 26. h4 Ne7 27. Qf3 Qc7 28. c5 b6 29. Nd6 Nc8 $1 {[%cal Rc8d6]} 30. exd5 cxd5 31. Bxe5 {[#] aiming for Nb5.} Nxd6 32. cxd6 Bxd6 33. Bd4 Rxe1 34. Rxe1 {And now Re8+ would win.} Bf8 35. Re5 Qd6 36. h5 Rd8 37. Rf5 Qd7 38. Rf4 Qe6 39. Rf5 Qd7 40. g4 f6 41. Bb2 Qe6 42. Bd4 Be7 43. Bb2 a5 44. b5 a4 45. d4 $2 {[#]} (45. Rf4 $11) 45... Kf7 $2 (45... Rc8 $19 {...Rc2 is the strong threat.} 46. Qd3 (46. Qxd5 $2 Qxd5+ 47. Rxd5 Rc7 $19) 46... Kf7) 46. Bc1 $2 (46. Re5 $1 $15 Qd7 47. Bc1) 46... Rc8 $2 (46... Qe4 $19 {Strongly threatening ...Rc8.} 47. Rf4 Qc2) 47. Bf4 $2 {[%mdl 8192] Precision: White = 43%, Black = 46%.} (47. Re5 $1 $11 {and White has nothing to worry.} Qd7 48. Rxd5) 0-1

[Event "Kathmandu Open 2018"]
[Site "Kathmandu"]
[Date "2018.04.14"]
[Round "3"]
[White "Shantharam, K V"]
[Black "Kasparov, Sergey"]
[Result "0-1"]
[WhiteElo "2163"]
[BlackElo "2462"]
[Annotator "TA"]
[PlyCount "89"]
[EventDate "2018.??.??"]
[EventType "swiss"]
[EventCountry "NEP"]
[SourceTitle "playchess.com"]
[Source "ChessBase"]
[SourceQuality "1"]

{[%evp 25,89,2,13,0,0,0,0,-8,-14,-15,0,0,0,-8,0,0,0,-15,-3,-133,-130,-123,-115,-268,-278,-263,-264,-264,-265,-262,-265,-273,-163,-183,-90,-286,-237,-238,-237,-232,-240,-301,-300,-287,-279,-585,-581,-576,-528,-393,-291,-456,-414,-575,-490,-12831,-7429,-29966,-29966,-29959,-6422,-29963,-29962,-5521,-5517,-5509]} 1. Nf3 Nf6 2. c4 c6 3. Nc3 d5 4. cxd5 cxd5 5. d4 Nc6 6. Bf4 a6 7. e3 Bg4 8. Be2 e6 9. h3 Bxf3 10. Bxf3 Bd6 11. Bxd6 Qxd6 12. Rc1 O-O 13. O-O Rac8 {LiveBook: 21 Games} 14. Be2 {D13: Slav Defence: Exchange variation without ...Bf5} (14. Qd2 Ne7 15. Rc2 Rc7 16. Rfc1 Rfc8 17. a3 g6 18. Na4 Nd7 19. Be2 Rxc2 20. Rxc2 Rxc2 21. Qxc2 Qc6 22. Qxc6 Nxc6 {½-½ (34) Cheparinov,I (2682)-Salgado Lopez,I (2622) Dubai 2014}) 14... Rc7 15. Bd3 Rfc8 16. Qd2 {The position is equal.} g6 17. Na4 Nd7 18. Nc5 $146 ({Predecessor:} 18. Bb1 Na7 19. Rxc7 Qxc7 20. Qc3 Qxc3 21. Nxc3 Nb6 {½-½ (32) Kunte,M (2190)-Fischdick,G (2300) Moscow 1994}) 18... Nxc5 19. dxc5 Qd8 20. b4 d4 21. Rcd1 dxe3 22. Qxe3 (22. fxe3 $11 {was the only way to keep the balance.} Rd7 23. Qc3) 22... Nxb4 $17 23. Bxg6 Nd5 $36 {[%mdl 2048] Black has strong initiative.} 24. Bxf7+ $2 (24. Rxd5 $17 Qxd5 25. Be4) 24... Kxf7 $19 25. Qh6 Qf6 ({But not} 25... Rxc5 26. Qxh7+ Ke8 27. Qxb7 $17) 26. Qxh7+ Kf8 27. Qb1 Rg7 {( -> ...Qf3)} 28. Rd3 Kg8 (28... Rxc5 $142 {...Nf4 is the strong threat.} 29. Rg3 b5) 29. Rg3 {Now Qxb7 and White clings on.} Rxc5 (29... Rcc7 $19 30. Re1 Kf8) 30. Qe4 $2 (30. Qxb7 $17 {is the only way for White.} a5 31. Qd7) 30... Rcc7 31. Re1 Rcf7 32. Rxg7+ Rxg7 33. Qxe6+ Qxe6 34. Rxe6 {[#]} Rxg2+ $1 {[%mdl 512]} 35. Kxg2 $2 {[%mdl 4096] Endgame KR-KN} (35. Kf1 {was the crucial defense.} Rh2 36. Re8+ Kg7 37. Rb8) 35... Nf4+ 36. Kf3 Nxe6 {KN-K3P} 37. Ke4 Kf7 38. Ke5 {[#]} (38. f4 {only move.}) 38... Ke7 $1 39. h4 {[#]} Ng7 $1 {[%cal Rg7e8]} 40. f4 (40. Kd5 $142 Nh5 41. Kc5) 40... Nh5 41. f5 Nf6 42. a3 b6 43. a4 Nd7+ 44. Kd5 Kf6 45. Kc6 {Precision: White = 24%, Black = 64%.} 0-1

[Event "Kathmandu Open 2018"]
[Site "Kathmandu"]
[Date "2018.04.14"]
[Round "3"]
[White "Harshavardhan G B"]
[Black "Llaneza Vega, Marcos"]
[Result "1-0"]
[WhiteElo "2119"]
[BlackElo "2422"]
[Annotator "TA"]
[PlyCount "108"]
[EventDate "2018.??.??"]
[EventType "swiss"]
[EventCountry "NEP"]
[SourceTitle "playchess.com"]
[Source "ChessBase"]
[SourceQuality "1"]

{[%evp 22,108,87,85,92,88,95,33,48,9,34,32,35,40,40,22,39,31,43,56,93,0,0,0,16,2,0,0,0,-49,-49,-49,-46,-116,-113,-94,0,0,0,0,0,0,0,-109,123,116,275,268,316,307,385,384,343,375,350,355,316,313,371,363,276,215,381,369,347,325,466,457,392,415,397,350,12837,12836,12838,12839,12839,857,866,429,12840,1379,12846,12847,12849,12849,12851,12851,12851]} 1. d4 Nf6 2. c4 g6 3. Nc3 Bg7 4. e4 O-O 5. Nf3 d6 6. Be2 Bg4 7. Be3 Nc6 8. d5 Bxf3 9. Bxf3 Ne5 10. Be2 c6 11. f4 Ned7 12. O-O {LiveBook: 19 Games} Rc8 {E91: King's Indian: Classical: 6 Be2, unusual replies including 6...c5 and 6...Bg4} (12... Qa5 13. a3 Rfc8 14. b4 Qd8 15. Rc1 a5 16. Qb3 axb4 17. axb4 c5 18. e5 dxe5 19. fxe5 Nxe5 20. Bxc5 Bh6 {½-½ (29) Jankovic,A (2559)-Tadic,B (2513) Sarajevo 2013}) 13. Rc1 $146 (13. Bxa7 c5 $14) ({Predecessor:} 13. Rb1 a6 14. Qd2 Qc7 15. Rfc1 Rfe8 16. Bf3 Qb8 17. b4 cxd5 18. Nxd5 e5 19. Nxf6+ Nxf6 20. f5 {½-½ (53) Cummings,D (2305)-Hoi,C (2425) Copenhagen 1982}) 13... cxd5 14. cxd5 (14. exd5 $16 a6 15. a3) 14... Qa5 $14 {White is slightly better.} 15. Bf3 Rc4 16. Rf2 Rfc8 17. Rfc2 a6 18. Bf2 h5 19. h3 Bh6 20. Be3 Ne5 21. Qe2 (21. Be2 $16 Rb4 22. g4) 21... Nxf3+ $11 22. gxf3 Kh7 23. Kh1 b5 24. a3 Qd8 25. Nd1 {[%cal Rc2c4]} Rxc2 26. Rxc2 h4 27. f5 {[#]} ({Better is} 27. Nc3 $1 $15) 27... Nh5 $1 $17 {[%cal Rh5g3]} 28. Qd2 {aiming for Rxc8.} gxf5 ({Black should try} 28... Rxc2 $17 29. Qxc2 Bxe3 30. fxg6+ fxg6 31. Nxe3 Qf8) 29. Rxc8 $11 Qxc8 30. Bxh6 {And now Qg5 would win.} fxe4 31. Nf2 exf3 {Threatens to win with ...Ng3+.} 32. Bg5 {[#]} (32. Kg1 $1 $11 {remains equal.}) 32... Ng3+ $2 (32... Qg8 $1 $17 {keeps the pressure on. ...f6 is the strong threat.} 33. Qe3 Qg6 34. Qxe7 Ng3+ 35. Kg1 (35. Kh2 Nf1+ 36. Kh1 Ng3+ 37. Kg1 Qb1+ 38. Kh2 Nf1+ 39. Kh1 Ne3+ 40. Kh2 Nf1+ 41. Kh1 Ne3+ 42. Kh2 Nf1+ $11) 35... Qb1+ 36. Kh2 Nf1+ 37. Kh1 Ne3+ 38. Kh2 Nf1+ 39. Kh1 Ng3+ 40. Kh2 Nf1+) 33. Kg1 $16 Qg8 $2 (33... Ne2+ $16 {was necessary.} 34. Kf1 f6) 34. Qd3+ $18 f5 35. Qe3 Qxd5 36. Qxe7+ Kg8 37. Bf6 {[%csl Gf6][%cal Re7g7]} (37. Bxh4 Ne4 $18) 37... Qf7 38. Qxf7+ ({Don't play} 38. Qxd6 Qg6 $18) ({Resist} 38. Bxh4 Qxe7 39. Bxe7 d5 $18) 38... Kxf7 39. Bxh4 Ne2+ 40. Kf1 Ke6 41. Nd1 Ke5 $2 (41... Nf4 {was worth a try.} 42. Kf2 Nxh3+ 43. Kxf3 d5) 42. Kf2 Nd4 43. Nc3 a5 (43... f4 {was called for.} 44. Bd8 Ne6) 44. b4 axb4 45. axb4 Nc6 46. Kxf3 Nxb4 $2 (46... Nd4+ 47. Kg3 d5) 47. Bg3+ {White is clearly winning.} Ke6 48. Nxb5 d5 49. Nd4+ Kf6 50. Ke3 (50. Ke2 $142 Kg5 51. Nf3+ Kg6 52. Ke3) 50... Kg5 (50... Na6 $142 51. Bd6 Kf7) 51. Bd6 (51. Bf4+ $142 Kh4 52. Bd6) 51... f4+ 52. Kd2 Kh4 53. Bxb4 Kxh3 54. Bd6 f3 {Precision: White = 55%, Black = 31%.} 1-0

[Event "Kathmandu Open 2018"]
[Site "Kathmandu"]
[Date "2018.04.14"]
[Round "3"]
[White "Shrestha, Keshav"]
[Black "Prince, Bajaj"]
[Result "0-1"]
[WhiteElo "2094"]
[BlackElo "2409"]
[Annotator "TA"]
[PlyCount "57"]
[EventDate "2018.??.??"]
[EventType "swiss"]
[EventCountry "NEP"]
[SourceTitle "playchess.com"]
[Source "ChessBase"]
[SourceQuality "1"]

{[%evp 24,57,73,68,72,47,54,46,92,85,83,94,99,0,-21,-30,0,-197,-211,-217,-206,-233,-205,-312,-312,-316,-305,-403,-421,-633,-633,-1143,-299,-571,-561,-1182]} 1. e4 c5 2. Nf3 e6 3. d4 cxd4 4. Nxd4 Nc6 5. Nc3 Qc7 6. Be3 a6 7. Qd2 Nf6 8. O-O-O Be7 {B48: Sicilian: Taimanov: 5 Nc3 Qc7 6 Be3 a6 without Be2} 9. f3 O-O (9... b5 10. g4 Nxd4 11. Bxd4 Bb7 12. g5 Nh5 13. Ne2 Rc8 14. c3 O-O 15. Bh3 f5 16. gxf6 Nxf6 17. Bxf6 Rxf6 18. Qxd7 Rxf3 19. Qxe6+ {1-0 (30) Fedoseev,V (2724)-Quesada Perez,Y (2627) chess.com INT 2018}) 10. g4 {[%cal Bg2g4,Bg4g5,Bg5g6][%mdl 32]} b5 {[%cal Bb7b5,Bb5b4][%mdl 32]} 11. g5 Ne8 12. Nxc6 dxc6 13. h4 {[%cal Bh2h4,Bh4h5][%mdl 32] LiveBook: 9 Games} e5 14. h5 Be6 15. g6 {[#]} b4 $146 {[#] aiming for ...Rd8.} ({Predecessor:} 15... Rd8 16. gxh7+ {1-0 (34) Balogh,C (2620)-Mastrovasilis,D (2569) Novi Sad 2009}) 16. Na4 Rd8 17. Bd3 c5 {[%cal Bc6c5,Bc5c4,Bc4b3,Bb3c2][%mdl 32]} 18. Qf2 (18. b3 $16) 18... c4 $11 19. Be2 b3 $36 {[%mdl 2048] White is under pressure.} (19... hxg6 $6 20. Rxd8 Qxd8 21. hxg6 $16) 20. axb3 $2 (20. cxb3 $1 $11 {and White has nothing to worry.} Rxd1+ 21. Rxd1 cxb3+ 22. Kb1) 20... cxb3 $19 {[%csl Gb3][%cal Rc7c2]} 21. Nc3 {[#]} Rb8 $1 (21... hxg6 22. Rxd8 Qxd8 23. hxg6 $11) (21... fxg6 22. Rxd8 Qxd8 23. hxg6 $11) 22. gxh7+ Kxh7 23. Rd5 (23. h6 g6 $17) (23. Bd3 $142 bxc2 24. Bxc2) 23... Nf6 (23... Bxd5 24. exd5 bxc2 25. Bxa6 $17) 24. Bd3 ({Reject} 24. h6 g6 $19) 24... Rfc8 ({Weaker is} 24... Bxd5 25. Nxd5 Qa5 26. c3 $17) 25. Qg3 (25. h6 g6 $19) 25... bxc2 26. Rg1 (26. Qxe5 $142 Qb7 27. Nb5 axb5 28. h6) 26... Ne8 27. Rxe5 Qb7 $2 (27... Rxb2 28. Bd2 Ba3 29. Bxc2 Rb5+ 30. Kd1 Qxe5 31. Qxe5 Rxe5) 28. Nb5 $2 (28. Bb5 Bd6 29. Qg5) 28... axb5 29. Qf2 {Precision: White = 31%, Black = 80%.} 0-1

[Event "Kathmandu Open 2018"]
[Site "Kathmandu"]
[Date "2018.04.14"]
[Round "3"]
[White "Subhayan Kundu"]
[Black "Fominyh, Alexander"]
[Result "0-1"]
[WhiteElo "2079"]
[BlackElo "2391"]
[Annotator "TA"]
[PlyCount "142"]
[EventDate "2018.??.??"]
[EventType "swiss"]
[EventCountry "NEP"]
[SourceTitle "playchess.com"]
[Source "ChessBase"]
[SourceQuality "1"]

{[%evp 21,142,-5,-4,-20,-23,-24,-37,-33,-26,-28,-29,-27,-24,-26,-25,-25,-29,-28,-19,-27,-27,-50,-53,-83,-70,-78,-70,-81,-66,-97,-93,-97,-61,-91,-76,-71,0,-11,0,0,0,0,0,0,0,0,0,-2,-4,-6,-7,-94,-91,-117,-117,-117,-117,-117,-117,-146,-146,-144,-143,-156,-156,-164,-154,-147,-23,-23,-8,-8,-8,-8,-8,-8,-8,-375,-368,-439,-8,-8,-8,-4631,-4528,-2478,-2195,-12523,-10629,-7515,-303,-196,-189,-29958,-8776,-29960,-29961,-29962,-29962,-29960,-29962,-29961,-29957,-29963,-29967,-29963,-29965,-29971,-29973,-29974,-29975,-29972,-29975,-29976,-29977,-29976,-29977,-29979,-29980,-29980,-29981,-29982,-29983]} 1. e4 c5 2. Nf3 Nc6 3. d4 cxd4 4. Nxd4 e6 5. Nc3 a6 6. Be3 Nf6 7. Nxc6 bxc6 {B46: Sicilian: Taimanov: 5 Nc3 a6} 8. e5 (8. Bd3 d5 9. e5 Nd7 10. f4 c5 11. Bf2 g5 12. Qh5 gxf4 13. O-O Bg7 14. Rae1 c4 15. Nxd5 cxd3 {0-1 (50) Hammer,J (2677)-Giri,A (2773) Stavanger 2015}) 8... Nd5 9. Nxd5 cxd5 10. Bd3 d6 11. exd6 Bxd6 {LiveBook: 4 Games} 12. Qh5 g6 13. Qh6 Bf8 14. Qg5 $146 ({Predecessor:} 14. Qf4 Bg7 15. O-O {0-1 (48) Pena Torres,J (2084)-Sion Castro,M (2420) Orense 2000}) 14... Qxg5 15. Bxg5 Bg7 16. O-O-O Bd7 17. Rhe1 O-O 18. Bf4 Rfc8 19. g4 Bb5 20. Kb1 Ra7 21. g5 Rb7 {...Bxd3 is the strong threat.} 22. Be5 Bxd3 23. cxd3 Bxe5 24. Rxe5 $17 {[%mdl 4096] Endgame KRR-KRR} Rb4 25. Re3 Rh4 26. h3 Kf8 27. d4 Ke7 28. Ra3 Rc6 (28... Ra8 $17) 29. Rc1 $1 $11 {[%cal Rc1c6]} Rxc1+ 30. Kxc1 Rxd4 31. Rxa6 {KR-KR} Rf4 32. a4 e5 33. a5 Rxf2 34. Ra7+ Kd6 {Threatening ...e4.} 35. a6 e4 36. Ra8 (36. Rb7 $11 {remains equal.}) 36... Kc7 $17 37. a7 Kb7 38. Rd8 Kxa7 {Threatens to win with ...e3.} 39. Rxd5 Kb6 40. Rd4 Rf5 41. h4 Rf4 42. Rd7 Kc6 $1 {[%cal Rc6d7]} 43. Ra7 Kd5 44. b4 Kc4 (44... e3 $17 45. Kc2 Rxb4) 45. Kd2 $11 Kxb4 {And now ...Kc5 would win.} 46. Ke3 Rxh4 {Hoping for ...Kc5.} 47. Rxf7 Kc5 {aiming for ...Kd5.} 48. Rd7 Kc6 49. Rd1 $2 {[%mdl 8192] [#]} (49. Ra7 $1 $11 {and White is okay.}) 49... Rg4 $1 $19 {[%cal Rg4g5]} 50. Rh1 Rxg5 $2 ({Black should try} 50... Kd5 $19 {Strongly threatening ...Rg3+.} 51. Rxh7 Rg3+ 52. Kf4 Rf3+ 53. Kg4 Rf5 54. Rd7+ Ke5) 51. Rxh7 $11 Rg4 52. Ra7 $2 {[%mdl 8192]} (52. Kd4 $11) 52... Kd5 $19 53. Ra5+ Ke6 54. Ra6+ Kf5 55. Ra5+ Kf6 56. Rb5 g5 57. Rb8 $2 (57. Rb6+ $19 Kf5 58. Rb5+ Kg6 59. Rb6+ Kh5 60. Re6) 57... Rh4 (57... Rf4 $142 58. Rd8 Kf5 59. Rf8+ Kg4 60. Rc8 Rf7 61. Rg8 Kh4 62. Rh8+ Kg3 63. Re8 g4 64. Rxe4 Kh3 65. Re8 g3 66. Rg8 g2 67. Ke2 Kh2 68. Rh8+ Kg1 69. Rh6 Re7+ 70. Kd2 Re4 71. Kd3 {[#]} Kf2 $1 {[%mdl 512]} 72. Rf6+ Ke1 73. Kxe4 g1=Q 74. Rd6 Ke2 75. Ke5 Ke3 76. Kd5 Qg5+ 77. Kc6 Qg2+ 78. Kd7 Ke4 79. Rb6 Qg7+ 80. Kc6 Qf6+ 81. Kb5 Qe5+ 82. Ka6 Kd4 83. Rc6 Kd5 84. Kb7 Qe7+ 85. Rc7 Qe3 86. Rc6 Qe7+ 87. Rc7 Qe4 88. Rc6 Qe8 89. Rc2 Qa4 90. Rd2+ Kc5 91. Rb2 Qe4+ 92. Ka7 Kc6 93. Rb7 Qa4+ 94. Kb8 Qa5 95. Rb1 Qd8+ 96. Ka7 Qd4+ 97. Ka8 Qh8+ 98. Ka7 Qh7+ 99. Kb8 Qxb1+ 100. Kc8 Qb7+ 101. Kd8 Qd7#) 58. Rc8 Rf4 {Black mates.} 59. Rc5 Kg6 60. Ra5 Kh5 61. Ra1 Kg4 62. Rb1 Kh3 63. Rg1 Rf3+ 64. Kxe4 g4 {[%cal Bg5g4,Bg4g3,Bg3g2][%mdl 32]} 65. Ra1 Rf8 66. Ra7 g3 67. Ke3 Kh2 68. Rh7+ Kg1 69. Ra7 g2 70. Ra6 Rh8 71. Kf3 Kh1 {Precision: White = 36%, Black = 65%.} 0-1

[Event "Kathmandu Open 2018"]
[Site "Kathmandu"]
[Date "2018.04.14"]
[Round "3"]
[White "Nepali, Badrilal"]
[Black "L'Ami, Alina"]
[Result "1-0"]
[WhiteElo "2020"]
[BlackElo "2316"]
[Annotator "TA"]
[PlyCount "77"]
[EventDate "2018.??.??"]
[EventType "swiss"]
[EventCountry "NEP"]
[SourceTitle "playchess.com"]
[Source "ChessBase"]
[SourceQuality "1"]

{[%evp 15,77,15,11,-26,-10,-38,-11,-60,-12,-8,0,0,9,-19,-24,-18,-17,-38,-23,-45,-37,-40,-30,-39,-36,-49,0,0,0,-7,14,17,31,35,56,41,26,0,0,0,0,0,12,12,253,239,206,216,259,258,262,259,350,350,404,400,422,413,491,432,445,445,411,0]} 1. Nf3 Nf6 2. g3 g6 3. Bg2 Bg7 4. O-O O-O 5. c4 d6 6. Nc3 c6 7. d3 a6 8. a4 a5 {LiveBook: 4 Games} 9. Bd2 {A16: English Opening: 1...Nf6 with ...d5} Na6 10. Rb1 $146 ({Predecessor:} 10. Qc1 Re8 11. Bh6 Bh8 12. h3 Nc5 13. Ra3 e5 14. Ng5 Nh5 15. Nce4 Nxe4 16. dxe4 Qe7 {½-½ (58) Stanojoski,Z (2480)-Stanojevic,B (2279) Tivat 2011}) 10... Nb4 11. Ne1 {[%cal Bf3e1,Be1c2,Bc2e3][%mdl 32] The position is equal.} Be6 12. Nc2 d5 13. cxd5 Nbxd5 14. Ne3 Nb4 15. b3 Rb8 16. Nc2 b6 17. Nxb4 axb4 18. Ne4 Nd5 19. Qc1 c5 20. Bh6 Bxh6 21. Qxh6 {[#] Black must now prevent Ng5.} f6 22. h4 Bf7 23. Rfc1 Nc7 {[%cal Bd5c7,Bc7b5,Bb5c3][%mdl 32]} 24. a5 bxa5 25. Nxc5 Nb5 26. e3 (26. h5 $5 {[%cal Rh5g6]} Qd6 27. Ne4 $14) 26... Nc3 27. Rb2 e5 {[#] Strongly threatening ...Rc8.} (27... Rc8 $5 28. d4 $8 e5 $11) 28. h5 $1 {[%cal Rh5g6] hxg6 is the strong threat.} Rc8 29. hxg6 $40 {[%mdl 128] White mounts an attack.} Bxg6 $2 (29... hxg6 $11 {and Black has nothing to worry.} 30. Be4 Nxe4 31. dxe4 Qe7) 30. Ne6 $1 $18 {[%csl Ge6,LRd8,LRf8][%cal Rh6g7]} Qe7 31. Nxf8 Qxf8 32. Qxf8+ Kxf8 33. Ra1 Bxd3 34. Rxa5 e4 35. Ra7 Kg8 36. Rb7 Nb5 37. Rd2 Ra8 38. Kh2 Nc3 39. Bxe4 $2 {[%mdl 32768] Precision: White = 51%, Black = 35%. . Loss on Time!?} (39. Bh3 $18) 1-0

[Event "Kathmandu Open 2018"]
[Site "Kathmandu"]
[Date "2018.04.14"]
[Round "4"]
[White "Sengupta, Deep"]
[Black "Gurung, Rahul"]
[Result "1-0"]
[WhiteElo "2579"]
[BlackElo "1962"]
[Annotator "TA"]
[PlyCount "39"]
[EventDate "2018.??.??"]
[EventType "swiss"]
[EventCountry "NEP"]
[SourceTitle "playchess.com"]
[Source "ChessBase"]
[SourceQuality "1"]

{[%evp 9,39,79,95,95,135,72,167,120,145,121,169,162,170,96,92,87,104,102,108,34,98,31,35,-4,39,32,417,431,646,641,736,711]} 1. c4 Nf6 2. Nc3 e6 3. e4 {[%cal Be2e4,Be4e5][%mdl 32]} Bb4 4. e5 Ng8 5. Qg4 Bf8 (5... g6 6. d4 Nc6 7. a3 Bxc3+ 8. bxc3 d5 9. Bg5 Nce7 10. Bd3 c6 11. Ne2 Qc7 12. O-O h5 13. Qf4 b6 {1-0 (69) Kigigha,B (2291)-Olebile,T (2207) Windhoek 2014}) 6. d4 {[%cal Bd2d4,Bd4c5][%mdl 32] A18: English Opening: Flohr-Mikenas System (1 c4 Nf6 2 Nc3 e6 3 e4)} c5 7. Nf3 (7. dxc5 $142 h5 8. Qg5) 7... d6 $146 (7... cxd4 $16 8. Qxd4 (8. Nxd4 Nc6 $16) 8... Nc6) ({Predecessor:} 7... cxd4 8. Ne4 g6 9. Bg5 Qa5+ 10. Bd2 Qb6 11. Bd3 Be7 12. O-O h5 13. Qf4 {1-0 (25) Denegri,G (2019)-Llorens,S (2049) Buenos Aires 2011}) 8. dxc5 {White is clearly better.} dxe5 9. Nxe5 Nf6 {[#]} 10. Qg3 $1 $40 {[%mdl 128] White attacks with force.} Nbd7 11. Nxd7 (11. Be2 $18) 11... Bxd7 $16 12. Be3 Qa5 13. Bd3 Bc6 14. O-O-O ({White should play} 14. a3 $16) 14... Bxc5 $14 15. Bxc5 (15. Qxg7 $16 Ke7 16. Bd2) 15... Qxc5 16. Rhe1 {[%cal Bh1e1,Be1e5,Be5e6][%mdl 32]} Rd8 17. Re5 Qb6 $2 {[%mdl 8192]} (17... Qe7 $14) 18. Qxg7 $18 {[#] c5 is the strong threat.} Ke7 (18... Qxf2 $142 19. Qxh8+ Ke7 20. Rxe6+ fxe6 21. Qg7+ Ke8) 19. Rde1 Qd4 20. Rxe6+ {Precision: White = 44%, Black = 30%.} 1-0